| 000 | 00000nam 2200000za 4500 |
| 001 | 9.635184 |
| 003 | CaOODSP |
| 005 | 20210624220132 |
| 007 | cr ||||||||||| |
| 008 | 150407s2009 onc|||||o f|0| 0 fre d |
| 020 | |a978-0-662-08524-9 |
| 040 | |aCaOODSP|bfre |
| 043 | |an-cn--- |
| 086 | 1 |aA118-10/3-2009F-PDF |
| 110 | 1 |aCanada. |bAgriculture et agroalimentaire Canada. |bCentre de lutte antiparasitaire. |
| 245 | 10|aProfil de la culture du pois de grande culture au Canada |h[ressource électronique] / |cpréparé par : le Programme de réduction des risques liés aux pesticides. |
| 260 | |aOttawa : |bAgriculture et Agroalimentaire Canada, |cseptembre 2008. |
| 300 | |a49 p. : |bcarte en couleur, références, tableaux. |
| 590 | |a09-29|b2009-07-17 |
| 691 | 07|aCultures|2gcpds |
| 775 | 08|tCrop profile for field pea in Canada |w(CaOODSP)9.690839 |
| 794 | |tProfil du pois de grande culture au Canada, 2015 |w(CaOODSP)9.838874 |
| 795 | |tProfil de la culture du pois de grande culture au Canada |w(CaOODSP)9.636328 |
| 856 | 40|ahttp://publications.gc.ca|qPDF|s1976 Ko|uhttps://publications.gc.ca/collections/collection_2009/agr/A118-10-3-2009F.pdf |
| 986 | |aN° AAC 10859F |